Weekly Briefing

Salvato in:
Dettagli Bibliografici
Natura: Periodico
Lingua:inglese
Pubblicazione: Budapest China-CEE Institute
Tags: Aggiungi Tag
Nessun Tag, puoi essere il primo ad aggiungerne!!

MARC

LEADER 00000nas1a2200000 4500
001 0260445
005 20230505105154.5
022 |a 2560-1601 
022 |a 2939-5933 
041 0 |a eng 
044 |a HU 
245 1 0 |a Weekly Briefing 
264 1 |a Budapest  |b China-CEE Institute